<?xml version="1.0" encoding="UTF-8"?>
<marc:record xmlns:marc="http://www.loc.gov/MARC21/slim" type="Bibliographic">
   <marc:leader>00000pam a2200000 c 4500</marc:leader>
   <marc:controlfield tag="001">921228848</marc:controlfield>
   <marc:controlfield tag="003">DE-101</marc:controlfield>
   <marc:controlfield tag="005">20171202173258.0</marc:controlfield>
   <marc:controlfield tag="007">tu</marc:controlfield>
   <marc:controlfield tag="008">920828s1992    gw ||||| |||| 00||||ger  </marc:controlfield>
   <marc:datafield ind1=" " ind2=" " tag="015">
      <marc:subfield code="a">93,A22,0739</marc:subfield>
      <marc:subfield code="z">92,N40,0001</marc:subfield>
      <marc:subfield code="2">dnb</marc:subfield>
   </marc:datafield>
   <marc:datafield ind1="7" ind2=" " tag="016">
      <marc:subfield code="2">DE-101</marc:subfield>
      <marc:subfield code="a">921228848</marc:subfield>
   </marc:datafield>
   <marc:datafield ind1=" " ind2=" " tag="020">
      <marc:subfield code="a">9783608931686</marc:subfield>
      <marc:subfield code="c">Pp. : DM 58.00</marc:subfield>
      <marc:subfield code="9">978-3-608-93168-6</marc:subfield>
   </marc:datafield>
   <marc:datafield ind1=" " ind2=" " tag="020">
      <marc:subfield code="a">3608931686</marc:subfield>
      <marc:subfield code="c">Pp. : DM 58.00</marc:subfield>
      <marc:subfield code="9">3-608-93168-6</marc:subfield>
   </marc:datafield>
   <marc:datafield ind1=" " ind2=" " tag="035">
      <marc:subfield code="a">(DE-599)DNB921228848</marc:subfield>
   </marc:datafield>
   <marc:datafield ind1=" " ind2=" " tag="035">
      <marc:subfield code="a">(OCoLC)46091457</marc:subfield>
   </marc:datafield>
   <marc:datafield ind1=" " ind2=" " tag="040">
      <marc:subfield code="a">1200</marc:subfield>
      <marc:subfield code="b">ger</marc:subfield>
      <marc:subfield code="c">DE-101</marc:subfield>
      <marc:subfield code="d">9999</marc:subfield>
   </marc:datafield>
   <marc:datafield ind1=" " ind2=" " tag="041">
      <marc:subfield code="a">ger</marc:subfield>
   </marc:datafield>
   <marc:datafield ind1=" " ind2=" " tag="044">
      <marc:subfield code="c">XA-DE</marc:subfield>
   </marc:datafield>
   <marc:datafield ind1=" " ind2=" " tag="084">
      <marc:subfield code="a">27</marc:subfield>
      <marc:subfield code="a">31</marc:subfield>
      <marc:subfield code="a">17</marc:subfield>
      <marc:subfield code="a">32</marc:subfield>
      <marc:subfield code="a">21</marc:subfield>
      <marc:subfield code="a">510</marc:subfield>
      <marc:subfield code="q">DE-101</marc:subfield>
      <marc:subfield code="2">sdnb</marc:subfield>
   </marc:datafield>
   <marc:datafield ind1=" " ind2=" " tag="084">
      <marc:subfield code="a">28</marc:subfield>
      <marc:subfield code="a">19.5</marc:subfield>
      <marc:subfield code="a">10.9c</marc:subfield>
      <marc:subfield code="a">23.1a</marc:subfield>
      <marc:subfield code="a">6.5</marc:subfield>
      <marc:subfield code="a">8.4</marc:subfield>
      <marc:subfield code="a">6.5</marc:subfield>
      <marc:subfield code="a">28</marc:subfield>
      <marc:subfield code="q">DE-101</marc:subfield>
      <marc:subfield code="2">sswd</marc:subfield>
   </marc:datafield>
   <marc:datafield ind1=" " ind2=" " tag="090">
      <marc:subfield code="a">b</marc:subfield>
   </marc:datafield>
   <marc:datafield ind1="1" ind2=" " tag="100">
      <marc:subfield code="0">(DE-588)12003817X</marc:subfield>
      <marc:subfield code="0">http://d-nb.info/gnd/12003817X</marc:subfield>
      <marc:subfield code="0">(DE-101)12003817X</marc:subfield>
      <marc:subfield code="a">Casti, John L.</marc:subfield>
      <marc:subfield code="d">1943-</marc:subfield>
      <marc:subfield code="e">Verfasser</marc:subfield>
      <marc:subfield code="4">aut</marc:subfield>
   </marc:datafield>
   <marc:datafield ind1="1" ind2="0" tag="245">
      <marc:subfield code="a">Szenarien der Zukunft</marc:subfield>
      <marc:subfield code="b">was Wissenschaftler über die Zukunft wissen können</marc:subfield>
      <marc:subfield code="c">von John L. Casti. Aus dem Amerikan. übers. von Malte Heim</marc:subfield>
   </marc:datafield>
   <marc:datafield ind1=" " ind2="1" tag="264">
      <marc:subfield code="a">Stuttgart</marc:subfield>
      <marc:subfield code="b">Klett-Cotta</marc:subfield>
      <marc:subfield code="c">1992</marc:subfield>
   </marc:datafield>
   <marc:datafield ind1=" " ind2=" " tag="300">
      <marc:subfield code="a">611 S.</marc:subfield>
      <marc:subfield code="b">Ill., graph. Darst.</marc:subfield>
      <marc:subfield code="c">22 cm</marc:subfield>
   </marc:datafield>
   <marc:datafield ind1=" " ind2=" " tag="336">
      <marc:subfield code="a">Text</marc:subfield>
      <marc:subfield code="b">txt</marc:subfield>
      <marc:subfield code="2">rdacontent</marc:subfield>
   </marc:datafield>
   <marc:datafield ind1=" " ind2=" " tag="337">
      <marc:subfield code="a">ohne Hilfsmittel zu benutzen</marc:subfield>
      <marc:subfield code="b">n</marc:subfield>
      <marc:subfield code="2">rdamedia</marc:subfield>
   </marc:datafield>
   <marc:datafield ind1=" " ind2=" " tag="338">
      <marc:subfield code="a">Band</marc:subfield>
      <marc:subfield code="b">nc</marc:subfield>
      <marc:subfield code="2">rdacarrier</marc:subfield>
   </marc:datafield>
   <marc:datafield ind1=" " ind2="7" tag="650">
      <marc:subfield code="0">(DE-588)4009754-7</marc:subfield>
      <marc:subfield code="0">http://d-nb.info/gnd/4009754-7</marc:subfield>
      <marc:subfield code="0">(DE-101)040097544</marc:subfield>
      <marc:subfield code="a">Chaostheorie</marc:subfield>
      <marc:subfield code="2">gnd</marc:subfield>
   </marc:datafield>
   <marc:datafield ind1=" " ind2="7" tag="650">
      <marc:subfield code="0">(DE-588)4079256-0</marc:subfield>
      <marc:subfield code="0">http://d-nb.info/gnd/4079256-0</marc:subfield>
      <marc:subfield code="0">(DE-101)040792560</marc:subfield>
      <marc:subfield code="a">Wettervorhersage</marc:subfield>
      <marc:subfield code="2">gnd</marc:subfield>
   </marc:datafield>
   <marc:datafield ind1=" " ind2="7" tag="650">
      <marc:subfield code="0">(DE-588)4122774-8</marc:subfield>
      <marc:subfield code="0">http://d-nb.info/gnd/4122774-8</marc:subfield>
      <marc:subfield code="0">(DE-101)041227743</marc:subfield>
      <marc:subfield code="a">Aktienkursprognose</marc:subfield>
      <marc:subfield code="2">gnd</marc:subfield>
   </marc:datafield>
   <marc:datafield ind1=" " ind2="7" tag="650">
      <marc:subfield code="0">(DE-588)4043565-9</marc:subfield>
      <marc:subfield code="0">http://d-nb.info/gnd/4043565-9</marc:subfield>
      <marc:subfield code="0">(DE-101)040435652</marc:subfield>
      <marc:subfield code="a">Ontogenie</marc:subfield>
      <marc:subfield code="2">gnd</marc:subfield>
   </marc:datafield>
   <marc:datafield ind1=" " ind2="7" tag="650">
      <marc:subfield code="0">(DE-588)4047390-9</marc:subfield>
      <marc:subfield code="0">http://d-nb.info/gnd/4047390-9</marc:subfield>
      <marc:subfield code="0">(DE-101)040473902</marc:subfield>
      <marc:subfield code="a">Prognose</marc:subfield>
      <marc:subfield code="2">gnd</marc:subfield>
   </marc:datafield>
   <marc:datafield ind1=" " ind2="7" tag="650">
      <marc:subfield code="0">(DE-588)4133592-2</marc:subfield>
      <marc:subfield code="0">http://d-nb.info/gnd/4133592-2</marc:subfield>
      <marc:subfield code="0">(DE-101)041335929</marc:subfield>
      <marc:subfield code="a">Kriegsbeginn</marc:subfield>
      <marc:subfield code="2">gnd</marc:subfield>
   </marc:datafield>
   <marc:datafield ind1=" " ind2="7" tag="650">
      <marc:subfield code="0">(DE-588)4047390-9</marc:subfield>
      <marc:subfield code="0">http://d-nb.info/gnd/4047390-9</marc:subfield>
      <marc:subfield code="0">(DE-101)040473902</marc:subfield>
      <marc:subfield code="a">Prognose</marc:subfield>
      <marc:subfield code="2">gnd</marc:subfield>
   </marc:datafield>
   <marc:datafield ind1=" " ind2="7" tag="650">
      <marc:subfield code="0">(DE-588)4021417-5</marc:subfield>
      <marc:subfield code="0">http://d-nb.info/gnd/4021417-5</marc:subfield>
      <marc:subfield code="0">(DE-101)040214176</marc:subfield>
      <marc:subfield code="a">Gödelscher Unvollständigkeitssatz</marc:subfield>
      <marc:subfield code="2">gnd</marc:subfield>
   </marc:datafield>
   <marc:datafield ind1=" " ind2="7" tag="655">
      <marc:subfield code="0">(DE-588)4151278-9</marc:subfield>
      <marc:subfield code="0">http://d-nb.info/gnd/4151278-9</marc:subfield>
      <marc:subfield code="0">(DE-101)041512782</marc:subfield>
      <marc:subfield code="a">Einführung</marc:subfield>
      <marc:subfield code="2">gnd-content</marc:subfield>
   </marc:datafield>
   <marc:datafield ind1=" " ind2="7" tag="655">
      <marc:subfield code="a">Einführung</marc:subfield>
      <marc:subfield code="2">gnd</marc:subfield>
   </marc:datafield>
   <marc:datafield ind1="0" ind2="0" tag="689">
      <marc:subfield code="0">(DE-588)4009754-7</marc:subfield>
      <marc:subfield code="0">http://d-nb.info/gnd/4009754-7</marc:subfield>
      <marc:subfield code="0">(DE-101)040097544</marc:subfield>
      <marc:subfield code="D">s</marc:subfield>
      <marc:subfield code="a">Chaostheorie</marc:subfield>
   </marc:datafield>
   <marc:datafield ind1="0" ind2="1" tag="689">
      <marc:subfield code="A">f</marc:subfield>
      <marc:subfield code="a">Einführung</marc:subfield>
   </marc:datafield>
   <marc:datafield ind1="0" ind2=" " tag="689">
      <marc:subfield code="5">DE-101</marc:subfield>
      <marc:subfield code="5">DE-101</marc:subfield>
   </marc:datafield>
   <marc:datafield ind1="1" ind2="0" tag="689">
      <marc:subfield code="0">(DE-588)4079256-0</marc:subfield>
      <marc:subfield code="0">http://d-nb.info/gnd/4079256-0</marc:subfield>
      <marc:subfield code="0">(DE-101)040792560</marc:subfield>
      <marc:subfield code="D">s</marc:subfield>
      <marc:subfield code="a">Wettervorhersage</marc:subfield>
   </marc:datafield>
   <marc:datafield ind1="1" ind2=" " tag="689">
      <marc:subfield code="5">DE-101</marc:subfield>
      <marc:subfield code="5">DE-101</marc:subfield>
   </marc:datafield>
   <marc:datafield ind1="2" ind2="0" tag="689">
      <marc:subfield code="0">(DE-588)4122774-8</marc:subfield>
      <marc:subfield code="0">http://d-nb.info/gnd/4122774-8</marc:subfield>
      <marc:subfield code="0">(DE-101)041227743</marc:subfield>
      <marc:subfield code="D">s</marc:subfield>
      <marc:subfield code="a">Aktienkursprognose</marc:subfield>
   </marc:datafield>
   <marc:datafield ind1="2" ind2=" " tag="689">
      <marc:subfield code="5">DE-101</marc:subfield>
      <marc:subfield code="5">DE-101</marc:subfield>
   </marc:datafield>
   <marc:datafield ind1="3" ind2="0" tag="689">
      <marc:subfield code="0">(DE-588)4043565-9</marc:subfield>
      <marc:subfield code="0">http://d-nb.info/gnd/4043565-9</marc:subfield>
      <marc:subfield code="0">(DE-101)040435652</marc:subfield>
      <marc:subfield code="D">s</marc:subfield>
      <marc:subfield code="a">Ontogenie</marc:subfield>
   </marc:datafield>
   <marc:datafield ind1="3" ind2="1" tag="689">
      <marc:subfield code="0">(DE-588)4047390-9</marc:subfield>
      <marc:subfield code="0">http://d-nb.info/gnd/4047390-9</marc:subfield>
      <marc:subfield code="0">(DE-101)040473902</marc:subfield>
      <marc:subfield code="D">s</marc:subfield>
      <marc:subfield code="a">Prognose</marc:subfield>
   </marc:datafield>
   <marc:datafield ind1="3" ind2=" " tag="689">
      <marc:subfield code="5">DE-101</marc:subfield>
      <marc:subfield code="5">DE-101</marc:subfield>
   </marc:datafield>
   <marc:datafield ind1="4" ind2="0" tag="689">
      <marc:subfield code="0">(DE-588)4133592-2</marc:subfield>
      <marc:subfield code="0">http://d-nb.info/gnd/4133592-2</marc:subfield>
      <marc:subfield code="0">(DE-101)041335929</marc:subfield>
      <marc:subfield code="D">s</marc:subfield>
      <marc:subfield code="a">Kriegsbeginn</marc:subfield>
   </marc:datafield>
   <marc:datafield ind1="4" ind2="1" tag="689">
      <marc:subfield code="0">(DE-588)4047390-9</marc:subfield>
      <marc:subfield code="0">http://d-nb.info/gnd/4047390-9</marc:subfield>
      <marc:subfield code="0">(DE-101)040473902</marc:subfield>
      <marc:subfield code="D">s</marc:subfield>
      <marc:subfield code="a">Prognose</marc:subfield>
   </marc:datafield>
   <marc:datafield ind1="4" ind2=" " tag="689">
      <marc:subfield code="5">DE-101</marc:subfield>
      <marc:subfield code="5">DE-101</marc:subfield>
   </marc:datafield>
   <marc:datafield ind1="5" ind2="0" tag="689">
      <marc:subfield code="0">(DE-588)4021417-5</marc:subfield>
      <marc:subfield code="0">http://d-nb.info/gnd/4021417-5</marc:subfield>
      <marc:subfield code="0">(DE-101)040214176</marc:subfield>
      <marc:subfield code="D">s</marc:subfield>
      <marc:subfield code="a">Gödelscher Unvollständigkeitssatz</marc:subfield>
   </marc:datafield>
   <marc:datafield ind1="5" ind2=" " tag="689">
      <marc:subfield code="5">DE-101</marc:subfield>
      <marc:subfield code="5">DE-101</marc:subfield>
   </marc:datafield>
   <marc:datafield ind1="1" ind2="2" tag="700">
      <marc:subfield code="a">Casti, John L.</marc:subfield>
      <marc:subfield code="d">1943-</marc:subfield>
      <marc:subfield code="t">Searching for certainty</marc:subfield>
      <marc:subfield code="g">dt.</marc:subfield>
   </marc:datafield>
   <marc:datafield ind1=" " ind2=" " tag="850">
      <marc:subfield code="a">DE-101a</marc:subfield>
      <marc:subfield code="a">DE-101b</marc:subfield>
   </marc:datafield>
   <marc:datafield ind1="4" ind2="2" tag="856">
      <marc:subfield code="m">B:DE-101</marc:subfield>
      <marc:subfield code="q">application/pdf</marc:subfield>
      <marc:subfield code="u">http://d-nb.info/921228848/04</marc:subfield>
      <marc:subfield code="3">Inhaltsverzeichnis</marc:subfield>
   </marc:datafield>
   <marc:datafield ind1="r" ind2=" " tag="925">
      <marc:subfield code="a">ra</marc:subfield>
   </marc:datafield>
</marc:record>
